Armenia Fact-File - Statistics

General Stats
  • This quiz has been taken 10 times
  • The average score is 12 of 16
Answer Stats
Hint Answer % Correct
Official Language Armenian
100%
Continent Asia
100%
Bordering Country Azerbaijan
100%
Bordering Country Georgia
100%
Bordering Country Iran
100%
Bordering Country Turkey
100%
Capital City Yerevan
100%
Largest City (By Population) Yerevan
100%
Currency Dram
89%
National Animal Golden Eagle
89%
Most popular sport Football
78%
Driving Side Right
78%
Highest Point Mt Aragats
67%
Calling Code +374
22%
National Anthem (English Name) Our Fatherland
22%
Tallest Building Elite Plaza Business Center
0%
No matching quizzes found
Score Distribution
Percent of People with Each Score
Percentile by Number Answered
Your Score History
You have not taken this quiz